000 00482nam a2200169 4500
001 126815
003 ES-MaACL
005 20250822063204.0
007 t|
008 070214s1949 sp r ||||1| cat d
100 1 _aRibalta, Josep,
_d1891-1965
_996712
245 1 0 _aFlors de recança /
_cJosep Ribalta.
260 _aBarcelona :
_b[s. n.],
_c1949 (
_fImp. Rafael Salvá)
300 _a106 p. ;
_c18 cm.
852 _aES-MaACL
_jE-895
_bR.28449
999 _c126815
_d126815